000
00200nam a2200109Ia 4500
100
_a
AMIS KINGSLEY.
942
_c
BK
245
_a
KING'S ENGLISH
260
_b
#N/A
546
_a
ENGLISH
999
_c
23031
_d
23031